LEADER 00972nam a2200241 i 4500 001 000000209613 003 CaOOAMICUS 005 20251030112025.0 008 111220s1918 it u000 u ita u 013 $a188403 040 $aSeMil$bita 245 10$aAtlante della guerra mondiale. 260 $aNovara :$bIstituto Geografico De Agostini,$c1918. 300 $a15 c. di tav. :$bill. ;$c36 cm. 500 $aPubblicato sotto gli auspici dell'Istituto italo-britannico, Milano. 650 4$aAtlanti storici.$0(OLS)http://semarc/subject/3031 650 4$aGuerra mondiale <1914-1918> - Atlanti.$0(OLS)http://semarc/subject/58823 850 $aSeMil 852 $aSeMil$W1$xVenegono$y1$m5C IX 4/32$j264249$B160064$CSeMilBibl$Z2$F171112 $86 961 $aRecupero: Altro 996 $6245$aAtlante della guerra mondiale$9(OLS)http://semarc/title/302967 996 $6260$aNovara :$bIstituto Geografico De Agostini$9(OLS)http://semarc/publisher/31865 LEADER 01053nam a2200265 i 4500 001 000000171469 003 CaOOAMICUS 005 20080519000000.0 008 080519s1970 it u000 u ita u 013 $a148900 040 $aSeMil$bita 100 1 $aPozzolini, Alberto.$0(OLS)http://semarc/name/64130 245 10$aChe cosa ha veramente detto Togliatti /$cA. Pozzolini. 260 $aRoma :$bUbaldini,$ccopyr. 1970. 300 $a158 p. ;$c19 cm. 490 0 $aChe cosa hanno veramente detto [Ubaldini] ;$v21. 500 $aFondo Card. Giovanni Colombo. 600 14$aTogliatti, Palmiro <1893-1964>.$0(OLS)http://semarc/subject/492 830 0$aChe cosa hanno veramente detto ;$v21.$0(OLS)http://semarc/title/17477 850 $aSeMil 852 $aSeMil$W1$xVenegono$y1$m1D I 198$j122338$B122338$CSeMilBibl$Z2$F134169 $81 941 1 $a3 961 $aLascito: Colombo Card. Giovanni 996 $6245$aChe cosa ha veramente detto Togliatti$9(OLS)http://semarc/title/245305 996 $6260$aRoma :$bUbaldini$9(OLS)http://semarc/publisher/31419